The role of mediation in tackling neighbour disputes and anti-social behaviour (Record no. 109594)

MARC details
000 -LEADER
fixed length control field 01709cad a22002775a 4500
001 - CONTROL NUMBER
control field L147511
008 - FIXED-LENGTH DATA ELEMENTS--GENERAL INFORMATION
fixed length control field 090519s2003 xxk f s s000 0 eng d
020 ## - INTERNATIONAL STANDARD BOOK NUMBER
International Standard Book Number 0755935667
022 1# - INTERNATIONAL STANDARD SERIAL NUMBER
International Standard Serial Number 0950-2254
035 ## - SYSTEM CONTROL NUMBER
System control number (Sirsi) u147511
041 0# - LANGUAGE CODE
Language code of text/sound track or separate title eng
050 04 - LIBRARY OF CONGRESS CALL NUMBER
Classification number 347.4207 $2 18
100 1# - MAIN ENTRY--PERSONAL NAME
Personal name Brown, Alison P.
245 04 - TITLE STATEMENT
Title The role of mediation in tackling neighbour disputes and anti-social behaviour
Medium [electronic resource]
260 ## - PUBLICATION, DISTRIBUTION, ETC.
Place of publication, distribution, etc. Edinburgh
Name of publisher, distributor, etc. Scottish Executive Social Research
Date of publication, distribution, etc. 2003
505 2# - FORMATTED CONTENTS NOTE
Formatted contents note Summary -- Aims and objectives of study -- Mediation for neighbour disputes -- Legal measures -- Research methodology -- Results: mediation cases -- Results: legal action cases -- Costs of mediation and legal action -- Environmental health and police action -- Reasons for not participating in mediation -- Conclusion -- Abbreviations used in appendices -- Appendices
520 ## - SUMMARY, ETC.
Summary, etc. Examines the costs and effectiveness of mediation and alternative approaches to dealing with disputes between neighbours, compared to legal remedies such as repossession and anti-social behaviour orders. Concludes that although mediation is not adequate to deal with serious anti-social behaviour, its cost effectiveness means that there is considerable scope to extend mediation in the area of neighbour disputes.
521 ## - TARGET AUDIENCE NOTE
Target audience note Advanced
651 #4 - SUBJECT ADDED ENTRY--GEOGRAPHIC NAME
Geographic name Scotland
Chronological subdivision 1999-
690 ## - LOCAL SUBJECT ADDED ENTRY--TOPICAL TERM (OCLC, RLIN)
Topical term or geographic name as entry element MANAGEMENT-DISPUTE AVOIDANCE, MANAGEMENT AND RESOLUTION-DISPUTE MANAGEMENT AND RESOLUTION
700 1# - ADDED ENTRY--PERSONAL NAME
Personal name Barclay, Aileen
700 1# - ADDED ENTRY--PERSONAL NAME
Personal name Simmons, Richard
700 1# - ADDED ENTRY--PERSONAL NAME
Personal name Eley, Susan
856 40 - ELECTRONIC LOCATION AND ACCESS
Uniform Resource Identifier <a href="https://www.scotland.gov.uk/Publications/2003/09/17863/23796">https://www.scotland.gov.uk/Publications/2003/09/17863/23796</a>
Public note View the report free of charge at www.scotland.gov.uk...
942 ## - ADDED ENTRY ELEMENTS (KOHA)
Suppress in OPAC 0
Holdings
Withdrawn status Lost status Source of classification or shelving scheme Damaged status Not for loan Home library Current library Shelving location Date acquired Total Checkouts Full call number Barcode Date last seen Copy number Price effective from Koha item type
    Dewey Decimal Classification     Virtual Virtual Online 19/05/2009   ONLINE PUBLICATION 147511-2001 06/08/2019 1 06/08/2019 Book